000 00562nam a22001932 4500
001 0000003251
005 20170406114853.0
008 140603s xx 000 0 eng d
020 _c$
040 _aYour Holding Symbol
_cYour Holding Symbol
100 1 _aMachlis Joseph.
245 1 4 _aThe enjoyment of music :
_ban introduction to perceptive listerning.
250 _a4th ed.
260 _aNew york :
_bNorton,
_c1977.
300 _a462 p. :
_bill ;
_c cm.
504 _aindex.
650 0 _amusic analysis appreciation.
908 _a140603
999 _c3130
_d3130